Normal view
MARC view
Entry Personal Name
001 - CONTROL NUMBER
- control field: 44739
003 - CONTROL NUMBER IDENTIFIER
- control field: ARRUPE
005 - DATE AND TIME OF LATEST TRANSACTION
- control field: 20190219095130.0
008 - FIXED-LENGTH DATA ELEMENTS
- fixed length control field: 190219|| aca||aabn | a|a d
040 ## - CATALOGING SOURCE
- Original cataloging agency: ARRUPE
- Transcribing agency: ARRUPE
100 ## - HEADING--PERSONAL NAME
- Personal name: Madigan, Patrick
670 ## - SOURCE DATA FOUND
- Source citation: Work cat.: (ARRUPE)23494: Madigan, Patrick, The modern project to Rigor, 1985